| 000 | 00567nam a2200205Ia 4500 | ||
|---|---|---|---|
| 003 | OSt | ||
| 005 | 20260410104759.0 | ||
| 008 | 210210b1970 xxu||||| |||| 00| 0 eng d | ||
| 040 | _cAL | ||
| 041 | _aKannada | ||
| 082 | _a741.59K NARV | ||
| 100 |
_aNARAYANA (G), Ed. _dನಾರಾಯಣ (ಜಿ), _9261320 |
||
| 245 |
_aVinoda chitragalu. _bವಿನೋದ ಚಿತ್ರಗಳು |
||
| 260 |
_abengaluru. _bVinod Karyala., _c1970 |
||
| 300 | _a140 | ||
| 650 |
_aVinoda Chitragalu _9261321 |
||
| 690 |
_aThe Arts _9261322 |
||
| 906 | _a028578 | ||
| 942 |
_2ddc _cBK |
||
| 999 |
_c79820 _d79820 |
||